| 000 | 00426nam a22001577a 4500 | ||
|---|---|---|---|
| 999 |
_c40909 _d40909 |
||
| 003 | OSt | ||
| 005 | 20201022133701.0 | ||
| 008 | 201022b ||||| |||| 00| 0 eng d | ||
| 040 | _coclc | ||
| 082 |
_a823.087 _bFLE/G |
||
| 100 | _aFleming, Ian | ||
| 245 |
_aGoldfinger / _cIan Fleming |
||
| 260 |
_aLondon: _bTriad Panter, _c1959. |
||
| 300 | _a222p | ||
| 942 |
_cBK _2ddc _h823.087 _iFLE/G _k823.087 _mFLE/G |
||